Las Excavaciones en la 'Balme' de Montboló (Pirineos Orientales). Contribución al estudio del neolítico catalán / por Jean Guilaine, Jean Vaquer y Paul Barrié
Descripción Física:
p. 153-207 : il. ; 27 cm
Colección:
Monografías ; 38
MARC
| LEADER | 00000nam a2200000Ia 4500 | ||
|---|---|---|---|
| 001 | 7804 | ||
| 008 | 160829s1972 xx 000 0 cat d | ||
| 080 | |a H-2-89 | ||
| 100 | |a Guilaine, Jean |9 32870 | ||
| 245 | |a Las Excavaciones en la 'Balme' de Montboló (Pirineos Orientales). Contribución al estudio del neolítico catalán / por Jean Guilaine, Jean Vaquer y Paul Barrié | ||
| 260 | |a Barcelona : |b Diputación. Instituto de Prehistoria y Arqueología, |c 1972 | ||
| 300 | |a p. 153-207 : |b il. ; |c 27 cm | ||
| 490 | |a Monografías ; 38 | ||
| 590 | |a Separata d'Ampurias ; 33-34 | ||
| 650 | |a Balme de Montboló, La (Pirineu Oriental : Jaciment arqueològic) |9 32871 | ||
| 650 | |a Neolític |x Catalunya |9 32872 | ||
| 650 | |a Pirineu Oriental |x Arqueologia |9 32873 | ||
| 700 | |a Vaquer, Jean |9 32874 | ||
| 700 | |a Barrié, Paul |9 32875 | ||
| 710 | 2 | |a Instituto de Prehistoria y Arqueología (Barcelona, Catalunya) |9 54255 | |
| 901 | |a Arxiu | ||
| 942 | |n 1 |2 udc | ||
| 952 | |0 0 |1 0 |4 0 |6 H289 |7 1 |9 46130 |a Arxiu |b Arxiu |d 2016-12-01 |l 0 |o H-2-89 |p 7804 |r 2016-12-01 00:00:00 |w 2016-12-01 |y ARXIU | ||
| 999 | |c 49632 |d 49632 | ||